| 000 | 00858nas a2200277 4500 | ||
|---|---|---|---|
| 001 | BR9902310 | ||
| 003 | BR-BrBNA | ||
| 005 | 20231205101408.0 | ||
| 007 | ta | ||
| 008 | 230509b bl.|||p| |||| 00| 00por d | ||
| 040 |
_aBR-BrBNA _bpor _cBiblioteca Nacional de Agricultura |
||
| 041 | _a(Pt) | ||
| 072 | _aQ02 | ||
| 100 | 1 | _aVenturini Filho, W.G. | |
| 100 | 1 | _aCereda, M.P. | |
| 245 | 1 | _aHidrolisado de fecula de mandioca como adjunto de malte na fabricacao de cerveja: avaliacao quimica e sensorial | |
| 650 | _aCerveja | ||
| 650 | _aFecula | ||
| 650 | _aMandioca | ||
| 650 | _aMaltose | ||
| 650 | _aFermentacao | ||
| 650 | _aTecnologia de Alimento | ||
| 773 | 0 |
_tCiencia e Tecnologia de Alimentos (Brazil) _xISSN 0101-2061 _g(May-Jul 1998), v. 18(2) p. 156-161 _wBR9902310 |
|
| 909 |
_a202311 _bLúcia _c55 _dLúcia Elande |
||
| 942 |
_2AGRIS _n0 _cANA |
||
| 999 |
_c161573 _d161573 |
||